[Event "WchT Seniors 50"]
[Site "Prague"]
[Date "2020.03.06"]
[Round "1.4"]
[White "McDonald, Neil R"]
[Black "Jeske, Kirsten"]
[Result "1-0"]
[WhiteElo "2410"]
[BlackElo "1953"]
[PlyCount "59"]
[EventDate "2020.03.06"]
[EventType "team-swiss"]
[EventRounds "7"]
[EventCountry "CZE"]
[SourceTitle "CBM 195 Extra"]
[Source "ChessBase"]
[SourceDate "2020.05.31"]
[SourceVersion "1"]
[SourceVersionDate "2020.05.31"]
[SourceQuality "1"]
[WhiteTeam "England 50"]
[BlackTeam "Germany 50 (W)"]
[WhiteTeamCountry "ENG"]
[BlackTeamCountry "GER"]

1. e4 e5 2. Nf3 Nf6 3. Nxe5 d6 4. Nf3 Nxe4 5. Nc3 Nxc3 6. dxc3 Be7 7. Be3 Nc6 8. Qd2 Bg4 9. 0-0-0 a6 10. Be2 Rb8 11. h4 b5 12. Nd4 Nxd4 13. Bxg4 Nc6 14. f4 Na5 15. b3 0-0 16. h5 h6 17. Bf3 c6 18. Qd3 d5 19. Bd4 Qd6 20. Rhe1 Qxf4+ 21. Kb1 Bf6 22. Be3 Qc7 23. Rf1 Nc4 24. Bc1 Qa5 25. Bxd5 cxd5 26. Rxf6 gxf6 27. Bxh6 Na3+ 28. Kb2 Nc4+ 29. Ka1 Qa3 30. Qg3+ 1-0

[Event "BL2 Ost 1920 (Women)"]
[Site "Germany"]
[Date "2019.12.14"]
[Round "3.6"]
[White "Jeske, Kirsten"]
[Black "Schuster, Rebekka"]
[Result "1/2-1/2"]
[WhiteElo "1958"]
[BlackElo "1819"]
[PlyCount "44"]
[EventDate "2019.09.14"]
[EventType "team-tourn"]
[EventRounds "7"]
[EventCountry "GER"]
[SourceTitle "EXT 2021"]
[Source "ChessBase"]
[SourceDate "2020.10.23"]
[SourceVersion "1"]
[SourceVersionDate "2020.10.23"]
[SourceQuality "1"]
[WhiteTeam "Pankow Rotation (W)"]
[BlackTeam "Loeberitz (W)"]
[WhiteTeamCountry "GER"]
[BlackTeamCountry "GER"]

1. e4 e6 2. d4 d5 3. exd5 exd5 4. Bd3 Bd6 5. h3 Ne7 6. Nf3 Bf5 7. 0-0 Nbc6 8. c3 Qd7 9. Bxf5 Nxf5 10. Re1+ Nce7 11. b4 0-0-0 12. a4 f6 13. Na3 g5 14. Nb5 Kb8 15. Nxd6 Nxd6 16. Nh2 h5 17. Qf3 Rdf8 18. b5 Nc4 19. Ba3 Nxa3 20. Rxa3 f5 21. Qe3 Rh7 22. Qe6 Kc8 1/2-1/2

[Event "WchT Seniors 50"]
[Site "Rhodes"]
[Date "2019.04.16"]
[Round "1.3"]
[White "Thorhallsson, Throstur"]
[Black "Jeske, Kirsten"]
[Result "1-0"]
[WhiteElo "2425"]
[BlackElo "1951"]
[PlyCount "57"]
[EventDate "2019.04.16"]
[EventType "team-swiss"]
[EventRounds "9"]
[EventCountry "GRE"]
[SourceTitle "CBM 190 Extra"]
[Source "ChessBase"]
[SourceDate "2019.07.15"]
[SourceVersion "1"]
[SourceVersionDate "2019.07.15"]
[SourceQuality "1"]
[WhiteTeam "Iceland"]
[BlackTeam "Germany (Women)"]
[WhiteTeamCountry "ISL"]
[BlackTeamCountry "GER"]

1. e4 e5 2. Bc4 d6 3. d3 Nc6 4. c3 Na5 5. Bb5+ Bd7 6. Bxd7+ Qxd7 7. f4 0-0-0 8. Nf3 f6 9. c4 c5 10. Nc3 exf4 11. Bxf4 g5 12. Bg3 h5 13. Nd5 Be7 14. b4 cxb4 15. Bf2 Kb8 16. Nd4 Nc6 17. a3 b6 18. axb4 Nxd4 19. Bxd4 Rf8 20. 0-0 Bd8 21. Rf2 Rh7 22. b5 Rff7 23. Nb4 a5 24. bxa6 Ka7 25. Nd5 f5 26. exf5 Nf6 27. Nxb6 Bxb6 28. Bxb6+ Ka8 29. Bd4 1-0

[Event "WchT Seniors 50"]
[Site "Radebeul"]
[Date "2016.07.03"]
[Round "8.12"]
[White "Jeske, Kirsten"]
[Black "Schmidt, Guenter"]
[Result "1/2-1/2"]
[WhiteElo "1960"]
[BlackElo "2042"]
[PlyCount "29"]
[EventDate "2016.06.26"]
[EventType "team-swiss"]
[EventRounds "9"]
[EventCountry "GER"]
[SourceTitle "CBM 173 Extra"]
[Source "ChessBase"]
[SourceDate "2016.08.29"]
[SourceVersion "1"]
[SourceVersionDate "2016.08.29"]
[SourceQuality "1"]
[WhiteTeam "Germany (Women)"]
[BlackTeam "Eiche Reichenbrand"]
[WhiteTeamCountry "GER"]
[BlackTeamCountry "GER"]

1. e4 c5 2. Nf3 Nc6 3. d4 cxd4 4. Nxd4 Nf6 5. Nc3 d6 6. Be2 g6 7. 0-0 Bg7 8. Be3 0-0 9. Kh1 Bd7 10. f4 Rc8 11. Bf3 Qa5 12. Nb3 Qc7 13. Nb5 Qb8 14. c3 Rfd8 15. N5d4 1/2-1/2

[Event "WchT Seniors 50"]
[Site "Radebeul"]
[Date "2016.07.02"]
[Round "7.15"]
[White "Cross, Ian K"]
[Black "Jeske, Kirsten"]
[Result "1/2-1/2"]
[WhiteElo "1685"]
[BlackElo "1960"]
[PlyCount "32"]
[EventDate "2016.06.26"]
[EventType "team-swiss"]
[EventRounds "9"]
[EventCountry "GER"]
[SourceTitle "CBM 173 Extra"]
[Source "ChessBase"]
[SourceDate "2016.08.29"]
[SourceVersion "1"]
[SourceVersionDate "2016.08.29"]
[SourceQuality "1"]
[WhiteTeam "England III"]
[BlackTeam "Germany (Women)"]
[WhiteTeamCountry "ENG"]
[BlackTeamCountry "GER"]

1. d4 Nf6 2. Nf3 g6 3. c4 Bg7 4. Nc3 d6 5. e4 0-0 6. Be2 Nbd7 7. 0-0 e5 8. dxe5 Nxe5 9. Nxe5 dxe5 10. Qxd8 Rxd8 11. Bg5 c6 12. f4 Rd4 13. Rad1 Be6 14. fxe5 Rxd1 15. Rxd1 Nd7 16. Bf4 Nxe5 1/2-1/2

[Event "Bundesliga 1415"]
[Site "Germany"]
[Date "2015.04.12"]
[Round "15.8"]
[White "Jeske, Kirsten"]
[Black "Schlosser, Philipp"]
[Result "0-1"]
[WhiteElo "1993"]
[BlackElo "2570"]
[PlyCount "64"]
[EventDate "2014.10.18"]
[EventType "team-tourn"]
[EventRounds "15"]
[EventCountry "GER"]
[SourceTitle "CBM 166"]
[Source "ChessBase"]
[SourceDate "2015.05.11"]
[SourceVersion "1"]
[SourceVersionDate "2015.05.11"]
[SourceQuality "1"]
[WhiteTeam "Rostock"]
[BlackTeam "Baden-Baden"]
[WhiteTeamCountry "GER"]
[BlackTeamCountry "GER"]

1. e4 c5 2. Nf3 e6 3. d4 cxd4 4. Nxd4 a6 5. c4 Nf6 6. Bd3 Nc6 7. Nxc6 dxc6 8. 0-0 e5 9. Bg5 Be6 10. Nc3 h6 11. Bh4 Bc5 12. Rb1 Qe7 13. Kh1 Rd8 14. Qc2 0-0 15. Bg3 Bd4 16. f4 exf4 17. Bxf4 Nh5 18. Ne2 Nxf4 19. Nxf4 Bc8 20. Rbd1 Be5 21. Qf2 Rd6 22. b3 Rfd8 23. Be2 Rxd1 24. Bxd1 Qd6 25. Bh5 Bxf4 26. Qxf4 Qxf4 27. Rxf4 g6 28. Bf3 Rd2 29. h4 g5 30. Rf6 g4 31. Bxg4 Bxg4 32. Rxh6 Kg7 0-1

[Event "BL2 Ost 1415 (Women)"]
[Site "Germany"]
[Date "2014.11.29"]
[Round "3.6"]
[White "Jeske, Kirsten"]
[Black "Schardt, Madeleine"]
[Result "1-0"]
[WhiteElo "1993"]
[BlackElo "1488"]
[PlyCount "79"]
[EventDate "2014.09.27"]
[EventType "team-tourn"]
[EventRounds "7"]
[EventCountry "GER"]
[SourceTitle "CBM 166 Extra"]
[Source "ChessBase"]
[SourceDate "2015.06.18"]
[SourceVersion "1"]
[SourceVersionDate "2015.06.18"]
[SourceQuality "1"]
[WhiteTeam "Berlin Rotation (W)"]
[BlackTeam "Friedberg (W) II"]
[WhiteTeamCountry "GER"]
[BlackTeamCountry "GER"]

1. e4 d5 2. exd5 Qxd5 3. Nf3 Nf6 4. Nc3 Qa5 5. Be2 Bf5 6. Nd4 Bd7 7. Nb3 Qb6 8. d4 c6 9. 0-0 Qc7 10. Nc5 Bf5 11. Bf3 e6 12. N5e4 Nbd7 13. g3 Nxe4 14. Nxe4 Bxe4 15. Bxe4 Bd6 16. c4 Nf6 17. Bc2 Rd8 18. Qe2 Qd7 19. Bg5 Be7 20. Rad1 0-0 21. a3 h6 22. Bc1 a5 23. Rfe1 Rfe8 24. Bd2 Qc7 25. Bc3 b6 26. Ba4 Rf8 27. Qf3 c5 28. d5 Nh7 29. dxe6 fxe6 30. Qg4 Ng5 31. f4 Rxd1 32. Bxd1 h5 33. Qxh5 Nh7 34. Qg4 Bf6 35. Qxe6+ Kh8 36. Bxf6 Rxf6 37. Qe8+ Rf8 38. Qh5 Qd7 39. Bc2 Qd4+ 40. Kh1 1-0

[Event "GER-chT Federal Cup (Women)"]
[Site "Braunfels"]
[Date "2014.06.21"]
[Round "4.1"]
[White "Jeske, Kirsten"]
[Black "Dellert, Lena"]
[Result "1/2-1/2"]
[WhiteElo "1868"]
[BlackElo "2005"]
[PlyCount "73"]
[EventDate "2014.06.19"]
[EventType "team-swiss"]
[EventRounds "5"]
[EventCountry "GER"]
[SourceTitle "EXT 2015"]
[Source "ChessBase"]
[SourceDate "2014.11.20"]
[SourceVersion "1"]
[SourceVersionDate "2014.11.20"]
[SourceQuality "1"]
[WhiteTeam "Mecklenburg Vorpommern (W)"]
[BlackTeam "Saarland (W)"]
[WhiteTeamCountry "GER"]
[BlackTeamCountry "GER"]

1. e4 e5 2. Nc3 Nf6 3. Bc4 Nc6 4. d3 Bc5 5. Bg5 Na5 6. Bb3 Nxb3 7. axb3 h6 8. Bh4 c6 9. Qf3 Be7 10. h3 d6 11. Nge2 Be6 12. 0-0 0-0 13. Bxf6 Bxf6 14. Ng3 g6 15. Nce2 Bg7 16. Qe3 Qb6 17. Qxb6 axb6 18. Ra3 Rxa3 19. bxa3 Ra8 20. a4 h5 21. f4 h4 22. f5 Bd7 23. Nh1 Re8 24. g4 hxg3 25. Nexg3 d5 26. Nf2 gxf5 27. Nxf5 Bxf5 28. exf5 f6 29. Ng4 Kf7 30. Re1 Rg8 31. Kf2 Rh8 32. Kg3 Bf8 33. h4 Bh6 34. Nxh6+ Rxh6 35. Rh1 Kg7 36. Kg4 Rh8 37. Kf3 1/2-1/2

[Event "Oberliga Nord N 1213"]
[Site "Germany"]
[Date "2012.11.25"]
[Round "3.6"]
[White "Lampe, Joerg"]
[Black "Jeske, Kirsten"]
[Result "1/2-1/2"]
[WhiteElo "2181"]
[BlackElo "2021"]
[PlyCount "32"]
[EventDate "2012.10.14"]
[EventType "team-tourn"]
[EventRounds "9"]
[EventCountry "GER"]
[SourceTitle "EXT 2015"]
[Source "ChessBase"]
[SourceDate "2014.11.20"]
[SourceVersion "1"]
[SourceVersionDate "2014.11.20"]
[SourceQuality "1"]
[WhiteTeam "Koenigsspringer"]
[BlackTeam "Rostock"]
[WhiteTeamCountry "GER"]
[BlackTeamCountry "GER"]

1. e4 e5 2. Nf3 Nf6 3. d4 Nxe4 4. Bd3 d5 5. Nxe5 Be6 6. 0-0 Nd7 7. Nxd7 Qxd7 8. Re1 Nd6 9. Bg5 Be7 10. Bxe7 Qxe7 11. Nc3 c6 12. Qh5 Qf6 13. Qe5 Qxe5 14. Rxe5 0-0-0 15. b3 g6 16. Ne2 Rhe8 1/2-1/2

[Event "BL2-Nord 1011"]
[Site "Germany"]
[Date "2010.12.12"]
[Round "4.8"]
[White "Jeske, Kirsten"]
[Black "Giemsa, Stephan"]
[Result "0-1"]
[WhiteElo "2055"]
[BlackElo "2282"]
[PlyCount "106"]
[EventDate "2010.10.10"]
[EventType "team-tourn"]
[EventRounds "9"]
[EventCountry "GER"]
[SourceTitle "EXT 2012"]
[Source "ChessBase"]
[SourceDate "2011.11.24"]
[SourceVersion "1"]
[SourceVersionDate "2011.11.24"]
[SourceQuality "1"]
[WhiteTeam "Rostock SSC 07"]
[BlackTeam "Koenig Tegel"]
[WhiteTeamCountry "GER"]
[BlackTeamCountry "GER"]

1. e4 e6 2. d4 d5 3. exd5 exd5 4. Bd3 c5 5. c3 Nc6 6. Qe2+ Qe7 7. dxc5 Qxe2+ 8. Nxe2 Bxc5 9. Nd2 Nf6 10. h3 0-0 11. Nb3 Bb6 12. 0-0 Ne5 13. Bc2 Re8 14. Nbd4 Bd7 15. a4 a6 16. Bf4 Nc4 17. b3 Ne5 18. Rac1 Ne4 19. Bxe4 dxe4 20. Be3 Nd3 21. Rcd1 Bc7 22. c4 f5 23. Nc1 Nxc1 24. Bxc1 Re7 25. Ne2 Rf7 26. Bf4 Bd8 27. Nc3 Rc8 28. Nd5 b5 29. axb5 axb5 30. Rc1 Be6 31. Be3 Rb7 32. Rfd1 bxc4 33. bxc4 Rd7 34. Nb6 Rxd1+ 35. Rxd1 Bxb6 36. Bxb6 Rxc4 37. Be3 Kf7 38. Ra1 h6 39. h4 Kf6 40. Rd1 g5 41. hxg5+ hxg5 42. g3 Rc6 43. Rc1 Ra6 44. Bd4+ Kg6 45. Ra1 Rd6 46. Be3 Bc4 47. Rb1 Kh5 48. Re1 Kg4 49. Bc5 Rd5 50. Bb6 Bb3 51. Be3 Bd1 52. Bb6 Bf3 53. Rb1 Rd6 0-1

[Event "Mecklenburg VP LL 0910"]
[Site "Mecklenburg VP"]
[Date "2010.03.28"]
[Round "6.3"]
[White "Jeske, Kirsten"]
[Black "Lehmann, Ruben"]
[Result "1-0"]
[WhiteElo "1973"]
[BlackElo "1826"]
[PlyCount "67"]
[EventDate "2009.10.18"]
[EventType "team-tourn"]
[EventRounds "9"]
[EventCountry "GER"]
[SourceTitle "EXT 2016"]
[Source "ChessBase"]
[SourceDate "2015.10.08"]
[SourceVersion "1"]
[SourceVersionDate "2015.10.08"]
[SourceQuality "1"]
[WhiteTeam "Rostock SSC 07 II"]
[BlackTeam "Torgelow Droegeheide"]
[WhiteTeamCountry "GER"]
[BlackTeamCountry "GER"]

1. e4 c6 2. d4 d5 3. exd5 cxd5 4. Nf3 Bg4 5. Be2 Nc6 6. 0-0 e6 7. c3 Bd6 8. Nbd2 Nge7 9. Nb3 Qc7 10. h3 Bh5 11. Ne1 Bxe2 12. Qxe2 0-0 13. Nd3 Rfc8 14. Bd2 a5 15. a4 b6 16. Qg4 Rab8 17. Nbc1 b5 18. b3 b4 19. c4 dxc4 20. bxc4 Nf5 21. Nb3 Rd8 22. Kh1 Qd7 23. Be3 Be7 24. Ndc5 Qa7 25. Rad1 g6 26. Qe4 Ncxd4 27. Rxd4 Nxd4 28. Bxd4 Qc7 29. Be5 Bd6 30. Na6 f5 31. Qe2 Qb6 32. Nxb8 Qxb8 33. Bxd6 Qxd6 34. Re1 1-0

[Event "Mecklenburg VP LL 0910"]
[Site "Mecklenburg VP"]
[Date "2010.02.28"]
[Round "7.3"]
[White "Jeske, Kirsten"]
[Black "Parashchenko, Oleg"]
[Result "0-1"]
[WhiteElo "1973"]
[BlackElo "1986"]
[PlyCount "90"]
[EventDate "2009.10.18"]
[EventType "team-tourn"]
[EventRounds "9"]
[EventCountry "GER"]
[SourceTitle "EXT 2016"]
[Source "ChessBase"]
[SourceDate "2015.10.08"]
[SourceVersion "1"]
[SourceVersionDate "2015.10.08"]
[SourceQuality "1"]
[WhiteTeam "Rostock SSC 07 II"]
[BlackTeam "Greifswald II"]
[WhiteTeamCountry "GER"]
[BlackTeamCountry "GER"]

1. e4 e5 2. Nc3 Nf6 3. f4 d5 4. fxe5 Nxe4 5. Nf3 Be7 6. d4 0-0 7. Bd3 f5 8. exf6 Bxf6 9. 0-0 Nxc3 10. bxc3 Bg4 11. Qe1 Nd7 12. Qg3 Bxf3 13. Rxf3 Bh4 14. Rxf8+ Nxf8 15. Qh3 Qf6 16. Be3 Re8 17. Rf1 Qe7 18. Bf4 Bf6 19. Qf5 c6 20. Bg3 b5 21. Qh5 g6 22. Qf3 Nd7 23. Bf4 Rf8 24. Qg3 Bg7 25. Re1 Qf7 26. Bd6 Re8 27. Rf1 Qe6 28. Bf4 Nf6 29. Be5 Nh5 30. Qf2 Rf8 31. Qe3 Rxf1+ 32. Bxf1 Bxe5 33. dxe5 a5 34. Qa7 a4 35. Qc7 Ng7 36. Qd8+ Qe8 37. Qd6 Ne6 38. Be2 h5 39. g4 h4 40. Bd3 Kg7 41. Qb4 Ng5 42. Qc5 Qxe5 43. Qxc6 Qe1+ 44. Bf1 Nh3+ 45. Kg2 Nf4+ 0-1

[Event "Mecklenburg VP LL 0910"]
[Site "Mecklenburg VP"]
[Date "2010.01.24"]
[Round "5.4"]
[White "Jeske, Kirsten"]
[Black "Kohn, Thomas2222"]
[Result "1-0"]
[WhiteElo "1973"]
[BlackElo "1922"]
[PlyCount "75"]
[EventDate "2009.10.18"]
[EventType "team-tourn"]
[EventRounds "9"]
[EventCountry "GER"]
[SourceTitle "EXT 2016"]
[Source "ChessBase"]
[SourceDate "2015.10.08"]
[SourceVersion "1"]
[SourceVersionDate "2015.10.08"]
[SourceQuality "1"]
[WhiteTeam "Rostock SSC 07 II"]
[BlackTeam "Stralsund FHSG"]
[WhiteTeamCountry "GER"]
[BlackTeamCountry "GER"]

1. e4 c5 2. Nf3 Nc6 3. d4 cxd4 4. Nxd4 g6 5. c4 Bg7 6. Be3 Nf6 7. Nc3 Ng4 8. Qxg4 Nxd4 9. Qd1 Nc6 10. Rc1 0-0 11. Be2 d6 12. 0-0 f5 13. exf5 Bxf5 14. Qd2 Rc8 15. Nb5 a6 16. Nd4 Nxd4 17. Bxd4 e5 18. Be3 Qd7 19. Bf3 Be6 20. b3 Rxf3 21. gxf3 Rf8 22. Rfd1 Bh3 23. Qxd6 Qf5 24. Qd5+ Kh8 25. Qe4 Qh5 26. Kh1 Bf5 27. Qxb7 e4 28. Qc7 Qxf3+ 29. Kg1 Bg4 30. Rd8 Qf5 31. Rxf8+ Qxf8 32. Qf4 Bf5 33. Rd1 h5 34. Qd6 Qf7 35. c5 Bg4 36. Rc1 Qf5 37. c6 Bf3 38. c7 1-0

[Event "Oberliga Nord N 0910"]
[Site "Germany"]
[Date "2009.11.29"]
[Round "3.8"]
[White "Jeske, Kirsten"]
[Black "Helms, Sven"]
[Result "0-1"]
[WhiteElo "2058"]
[BlackElo "2061"]
[PlyCount "116"]
[EventDate "2009.10.18"]
[EventType "team-tourn"]
[EventRounds "9"]
[EventCountry "GER"]
[SourceTitle "EXT 2011"]
[Source "ChessBase"]
[SourceDate "2010.11.26"]
[SourceVersion "1"]
[SourceVersionDate "2010.11.26"]
[SourceQuality "1"]
[WhiteTeam "Rostock"]
[BlackTeam "Schwerin"]
[WhiteTeamCountry "GER"]
[BlackTeamCountry "GER"]

1. e4 e6 2. d4 d5 3. exd5 exd5 4. Bd3 Bd6 5. Nf3 Ne7 6. 0-0 0-0 7. c3 Bf5 8. Bg5 f6 9. Bh4 Nbc6 10. Bg3 Bxg3 11. hxg3 Qd7 12. Na3 a6 13. Nc2 Bxd3 14. Qxd3 Nf5 15. Rfe1 Rae8 16. Ne3 Nxe3 17. Rxe3 Rxe3 18. Qxe3 Re8 19. Qd3 Qg4 20. Re1 Rxe1+ 21. Nxe1 Ne7 22. Nf3 g5 23. Qe2 Kf8 24. Qd3 Nf5 25. c4 Qe4 26. Qxe4 dxe4 27. Nd2 e3 28. fxe3 Nxe3 29. Kf2 Ng4+ 30. Kf3 f5 31. Nb3 b6 32. Nc1 Ke7 33. Nd3 Kd6 34. b3 Nh2+ 35. Ke2 Ng4 36. Ne1 Nf6 37. Nf3 Ne4 38. Kd3 h6 39. Ne5 Ke6 40. g4 Nf2+ 41. Ke2 Nxg4 42. Nf3 f4 43. Ne1 Nf6 44. Nd3 Kf5 45. Nb4 a5 46. Na6 Ke4 47. d5 Ne8 48. Nb8 g4 49. Nc6 h5 50. Nd8 h4 51. Ne6 Kf5 52. Kf2 c5 53. Nf8 Nd6 54. Nd7 h3 55. gxh3 gxh3 56. Nxb6 Kg4 57. Nd7 Ne4+ 58. Kg1 Kg3 0-1

[Event "Mecklenburg VP LL 0910"]
[Site "Mecklenburg VP"]
[Date "2009.11.15"]
[Round "2.5"]
[White "Jeske, Kirsten"]
[Black "Oldach, Ehrenfried"]
[Result "1/2-1/2"]
[WhiteElo "1973"]
[BlackElo "1930"]
[PlyCount "24"]
[EventDate "2009.10.18"]
[EventType "team-tourn"]
[EventRounds "9"]
[EventCountry "GER"]
[SourceTitle "EXT 2016"]
[Source "ChessBase"]
[SourceDate "2015.10.08"]
[SourceVersion "1"]
[SourceVersionDate "2015.10.08"]
[SourceQuality "1"]
[WhiteTeam "Rostock SSC 07 II"]
[BlackTeam "Warnemuende SF Ostsee"]
[WhiteTeamCountry "GER"]
[BlackTeamCountry "GER"]

1. e4 e5 2. Nc3 Nf6 3. f4 d5 4. exd5 Nxd5 5. Nxd5 Qxd5 6. d3 Bd6 7. fxe5 Qxe5+ 8. Qe2 Bg4 9. Qxe5+ Bxe5 10. Be2 Bxe2 11. Nxe2 Nc6 12. Bf4 Bxf4 1/2-1/2

[Event "Mecklenburg VP LL 0809"]
[Site "Mecklenburg VP"]
[Date "2009.01.18"]
[Round "5.4"]
[White "Jeske, Kirsten"]
[Black "Friedrich, Paul Robert"]
[Result "1/2-1/2"]
[WhiteElo "1988"]
[BlackElo "1997"]
[PlyCount "93"]
[EventDate "2008.10.05"]
[EventType "team-tourn"]
[EventRounds "9"]
[EventCountry "GER"]
[SourceTitle "EXT 2022"]
[Source "ChessBase"]
[SourceDate "2021.10.06"]
[SourceVersion "1"]
[SourceVersionDate "2021.10.06"]
[SourceQuality "1"]
[WhiteTeam "Rostock SSC 07 II"]
[BlackTeam "Neukloster II"]
[WhiteTeamCountry "GER"]
[BlackTeamCountry "GER"]

1. e4 e6 2. d4 d5 3. Nc3 Nf6 4. Bg5 Be7 5. e5 Nfd7 6. Bxe7 Qxe7 7. Nb5 Qd8 8. Bd3 a6 9. Na3 c5 10. c3 Qb6 11. Qb3 Qa5 12. dxc5 Nxe5 13. 0-0-0 Qxc5 14. Nh3 Nbc6 15. Kb1 d4 16. f4 Nxd3 17. cxd4 Nxd4 18. Qxd3 Qf5 19. Nc4 0-0 20. Nd6 Qxd3+ 21. Rxd3 Nf5 22. Nxf5 exf5 23. Re1 h6 24. Re7 b5 25. Ng1 Be6 26. Nf3 Rfd8 27. Rxd8+ Rxd8 28. Ra7 Rd6 29. Ne5 g5 30. g3 Kg7 31. b3 Kf6 32. Kc2 gxf4 33. gxf4 Rd4 34. Nd3 Rd6 35. Ne5 Bd5 36. Kc3 Be6 37. Kc2 b4 38. Nd3 Rb6 39. Kd2 Kg6 40. Ne5+ Kh5 41. Ke3 Kh4 42. Nxf7 Bxf7 43. Rxf7 Kg4 44. h3+ Kxh3 45. Rxf5 Kg4 46. Re5 Rf6 47. Re8 1/2-1/2

[Event "Mecklenburg VP LL 0809"]
[Site "Mecklenburg VP"]
[Date "2008.10.26"]
[Round "2.3"]
[White "Jeske, Kirsten"]
[Black "Littke, Helmut"]
[Result "1/2-1/2"]
[WhiteElo "1988"]
[BlackElo "2008"]
[PlyCount "45"]
[EventDate "2008.10.05"]
[EventType "team-tourn"]
[EventRounds "9"]
[EventCountry "GER"]
[SourceTitle "EXT 2022"]
[Source "ChessBase"]
[SourceDate "2021.10.06"]
[SourceVersion "1"]
[SourceVersionDate "2021.10.06"]
[SourceQuality "1"]
[WhiteTeam "Rostock SSC 07 II"]
[BlackTeam "Wismar ASV Gruen-Weiss"]
[WhiteTeamCountry "GER"]
[BlackTeamCountry "GER"]

1. e4 c5 2. Nf3 d6 3. d4 cxd4 4. Nxd4 Nf6 5. Nc3 a6 6. Be2 e5 7. Nb3 Be7 8. Be3 0-0 9. 0-0 Be6 10. f3 Nbd7 11. Kh1 Nb6 12. Nd2 Rc8 13. f4 Nc4 14. Nxc4 Bxc4 15. Rc1 b5 16. a3 Bxe2 17. Qxe2 Rc4 18. Bd2 Qa8 19. Rce1 Rfc8 20. Qf3 Qb7 21. fxe5 dxe5 22. Bg5 Bd8 23. Bxf6 1/2-1/2

[Event "Mecklenburg VP LL 0809"]
[Site "Mecklenburg VP"]
[Date "2008.10.05"]
[Round "1.2"]
[White "Ruesch, Hans Joachim"]
[Black "Jeske, Kirsten"]
[Result "1-0"]
[WhiteElo "2022"]
[BlackElo "1988"]
[PlyCount "105"]
[EventDate "2008.10.05"]
[EventType "team-tourn"]
[EventRounds "9"]
[EventCountry "GER"]
[SourceTitle "EXT 2022"]
[Source "ChessBase"]
[SourceDate "2021.10.06"]
[SourceVersion "1"]
[SourceVersionDate "2021.10.06"]
[SourceQuality "1"]
[WhiteTeam "Warnemuende SF Ostsee"]
[BlackTeam "Rostock SSC 07 II"]
[WhiteTeamCountry "GER"]
[BlackTeamCountry "GER"]

1. d4 Nf6 2. Nf3 g6 3. c4 Bg7 4. Nc3 0-0 5. e4 d6 6. Be2 Nbd7 7. 0-0 e5 8. Qc2 Nh5 9. Rd1 Nf4 10. Bf1 exd4 11. Nxd4 Ne6 12. Be3 Ne5 13. h3 Nxd4 14. Bxd4 f5 15. f4 Nc6 16. Bxg7 Kxg7 17. c5 fxe4 18. cxd6 cxd6 19. Nxe4 d5 20. Qc5 Rxf4 21. Rxd5 Qb6 22. Qxb6 axb6 23. Nc3 Rb4 24. Rd2 Be6 25. Re1 Re8 26. Nd5 Rd4 27. Rxd4 Nxd4 28. Nxb6 Rd8 29. Bc4 Bxc4 30. Nxc4 Nc6 31. Re2 h5 32. Rd2 Nd4 33. a4 Kf6 34. Kf2 Ke6 35. Ke3 Nf5+ 36. Kf4 Rc8 37. b3 Rc5 38. g4 g5+ 39. Ke4 Ng3+ 40. Kf3 h4 41. Rd6+ Ke7 42. Rb6 Rd5 43. Rxb7+ Ke6 44. Rb6+ Ke7 45. Ke3 Rd1 46. a5 Re1+ 47. Kd4 Ne2+ 48. Kc5 Nf4 49. a6 Nxh3 50. a7 Ra1 51. Rb7+ Ke6 52. Nb6 Nf2 53. Na4 1-0

[Event "Mecklenburg VP LL 0708"]
[Site "Mecklenburg VP"]
[Date "2007.11.25"]
[Round "3.6"]
[White "Jeske, Kirsten"]
[Black "Hasselmann, Dieter"]
[Result "0-1"]
[WhiteElo "1987"]
[BlackElo "2025"]
[PlyCount "104"]
[EventDate "2007.10.21"]
[EventType "team-tourn"]
[EventRounds "9"]
[EventCountry "GER"]
[SourceTitle "EXT 2016"]
[Source "ChessBase"]
[SourceDate "2015.10.08"]
[SourceVersion "1"]
[SourceVersionDate "2015.10.08"]
[SourceQuality "1"]
[WhiteTeam "Rostock SSC 07 II"]
[BlackTeam "Schwerin SF"]
[WhiteTeamCountry "GER"]
[BlackTeamCountry "GER"]

1. e4 e5 2. Nc3 Nf6 3. Bc4 Nxe4 4. Nxe4 d5 5. Qe2 dxc4 6. Qxc4 Be6 7. Qb5+ Nc6 8. Nf3 Qd5 9. Nc3 Qxb5 10. Nxb5 0-0-0 11. d3 a6 12. Nc3 Nb4 13. Kd2 f6 14. a3 Nd5 15. Nxd5 Bxd5 16. Ne1 e4 17. d4 c5 18. c3 g6 19. Kc2 cxd4 20. cxd4 Bd6 21. Be3 f5 22. g3 Kd7 23. Kd2 Rc8 24. Ng2 g5 25. Bxg5 e3+ 26. Nxe3 Bxh1 27. Rxh1 Rhg8 28. h4 f4 29. Nd5 Ke6 30. Nxf4+ Bxf4+ 31. Bxf4 Kd5 32. Be5 Ke4 33. Rc1 Rxc1 34. Kxc1 Rf8 35. Kc2 Rxf2+ 36. Kc3 h5 37. b3 Kd5 38. a4 Rf3+ 39. Kb2 Re3 40. Kc2 Ke4 41. Bf4 Rd3 42. Be5 Rf3 43. Kb2 Kd3 44. Ka3 a5 45. Bc7 Kc2 46. Bxa5 Rxb3+ 47. Ka2 Rxg3 48. Bd8 Rg4 49. Bf6 Rf4 50. Be5 Rxh4 51. Ka3 Kd3 52. Kb4 Rxd4+ 0-1

[Event "DDR-ch (Women)"]
[Site "Nordhausen"]
[Date "1986.??.??"]
[Round "2"]
[White "Goehler, Antje"]
[Black "Jeske, Kirsten"]
[Result "1-0"]
[WhiteElo "2075"]
[BlackElo "1935"]
[PlyCount "53"]
[EventDate "1986.02.10"]
[EventType "tourn"]
[EventRounds "13"]
[EventCountry "DDR"]
[SourceTitle "EXT 1997"]
[Source "ChessBase"]
[SourceDate "1996.11.15"]
[SourceVersion "1"]
[SourceVersionDate "1996.11.15"]
[SourceQuality "1"]

1. d4 Nf6 2. c4 g6 3. Nc3 Bg7 4. e4 d6 5. Be2 0-0 6. Nf3 e5 7. d5 Nh5 8. g3 f5 9. exf5 Bxf5 10. Nd2 Na6 11. g4 e4 12. gxf5 e3 13. Nf3 exf2+ 14. Kf1 Rxf5 15. Bd3 Rf8 16. Ng5 Nc5 17. Nce4 Nf4 18. Bxf4 Rxf4 19. Nxc5 Qxg5 20. Ne6 Qh4 21. Nxf4 Qxf4 22. Qe2 Rf8 23. Qe4 Qd2 24. Bc2 Bxb2 25. Rd1 Qc3 26. h4 Rf3 27. Bd3 1-0